00511nam a2200157Ia 4500003000900000008004100009020001800050040001600068080001800084100002300102245013500125260003500260300001800295650002100313650001900334IN-BaIIA211028s9999 xx 000 0 eng d a0-12-710702-9 cIIA Library a535.36bVAN-2 aVan De Hulst, H. C 0aMultiple light scatteringbtables, formulas and applications; vol. 2cH. C. Van De Hulst  aNew YorkbAcademic Pressc1980 axi, 303-739p. aLight scattering aNASA thesaurus